|
|
|
|
| LEADER |
01204nam a2200289 a 4500 |
| 001 |
1869 |
| 003 |
BD-DhAAL |
| 005 |
20151109111311.0 |
| 008 |
151109s1993 bg 000 0dbeno |
| 010 |
|
|
|a 93905948
|
| 020 |
|
|
|a 9840501364 :
|c Tk150.00
|
| 040 |
|
|
|a DLC
|c DLC
|d DLC
|
| 050 |
0 |
0 |
|a DS395
|b .R357 1993
|
| 082 |
|
|
|a 954.9/205
|
| 100 |
1 |
|
|a রহমান, সিরাজুর.
|9 16030
|
| 245 |
1 |
0 |
|a প্রীতি নিন সকলে /
|c সিরাজুর রহমান.
|
| 260 |
|
|
|a ঢাকা :
|b ইউনিভার্সিটি প্রেস,
|c ১৯৯৩.
|
| 300 |
|
|
|a ২৫৪ পৃ. ;
|c ২২ সে.মি.
|
| 500 |
|
|
|a In Bengali.
|
| 520 |
|
|
|a Autobiographical reminiscences, chiefly on the political developments and social conditions in Bangladesh since 1947.
|
| 541 |
|
|
|e 1869
|
| 600 |
1 |
0 |
|a রহমান, সিরাজুর.
|9 16031
|
| 651 |
|
0 |
|a Bangladesh
|x Politics and government.
|9 16032
|
| 651 |
|
0 |
|a Bangladesh
|x Social conditions.
|9 16033
|
| 942 |
|
|
|2 ddc
|c BK
|
| 999 |
|
|
|c 36074
|d 36074
|
| 952 |
|
|
|0 0
|1 0
|2 ddc
|4 0
|6 954_900000000000000_205_RAH
|7 0
|9 56688
|a SCL
|b SCL
|c GEN
|d 2015-11-09
|g 150.00
|l 0
|o 954.9205 RAH
|p 3020001869
|r 2015-11-09
|t 1
|w 2015-11-09
|y BK
|